| 000 | 02165nac a2200325 a 4500 | ||
|---|---|---|---|
| 003 | CO-PeBPM | ||
| 005 | 20250812181203.0 | ||
| 008 | 250812s2010 ck a|||| |||| 00| 0 spa d | ||
| 020 | _a9786077743118 | ||
| 040 |
_aCO-PeBPM _bspa _cCO-PeBPM _erda |
||
| 041 | _aspa | ||
| 082 | 0 | 4 |
_a616.74 V468m _222 |
| 100 | 1 |
_aVentura Ríos, Lucio _eautor |
|
| 245 | 1 | 0 |
_aManual de ecografía musculoesquelética _c/ Lucio Ventura Ríos ; colaboradores Cristina Hernández Díaz ... [y otros cinco] |
| 260 |
_aMéxico _b: Editorial Médica Panamericana _c, 2010 |
||
| 300 |
_aX, 185páginas _bilustraciones, figuras a color _c23 centímetros |
||
| 500 | _aIncluye índice y glosario sonográfico | ||
| 520 | _aEste manual tiene por objeto servir de guía para reumatólogos que se entrenan en ultrasonido musculoesquelético. Escrito en lengua española, cubre aspectos fundamentales como los principios físicos de la ecografía, el conocimiento de los elementos de un ecógrafo para obtener imágenes óptimas, la revisión de las estructuras articulares y periarticulares, la revisión sistemática de las regiones anatómicas, la utilidad del Doppler de poder, los hallazgos sonográficos en las diferentes patologías en las que el ultrasonido ha demostrado su utilidad tanto para el diagnóstico como para seguimiento, además del papel del ultrasonido en patologías menos frecuentes como vasculitis, afección de glándulas salivales, lesiones traumáticas y, por último, pero no menos importante, el uso del ultrasonido como guía para punciones-infiltraciones. | ||
| 650 | 1 | 4 |
_a Ecografía _2LEMB |
| 650 | 1 | 4 |
_aEnfermedades musculares _2LEMB |
| 650 | 1 | 4 |
_aMovimiento (Sistema locomotor) - Diagnóstico por imágenes - Manuales _2LEMB |
| 650 | 1 | 4 |
_aSistema muscular - Diagnóstico por imágenes - Manuales _2LEMB |
| 700 | 1 |
_aHernández Díaz, Cristina _ecolaboradora |
|
| 700 | 1 |
_aPineda Villaseñor, Carlos _ecolaborador |
|
| 700 | 1 |
_aChávez López, Mario Alfredo _eColaborador |
|
| 700 | 1 |
_aMoya McClaugherty, Carlos _ecolaborador |
|
| 700 | 1 |
_aNaredo Sánchez, Esperanza _ecolaboradora |
|
| 700 | 1 |
_aMoller, Ingrid _ecolaboradora |
|
| 942 |
_2ddc _cBK _n0 |
||
| 999 |
_c61164 _d61164 |
||